000 01651nam0a2200325 4500
001 RU\NLR\bibl\485628
005 20260407093745.0
010 _a5-8021-0288-8
_9200
021 _aRU
_b2003-70368
_93482
035 _a(NLR Aleph) 000478348
090 _a1037699
_c1037699
100 _a20040202d2003 |||y0rusy50 ca
101 0 _arus
102 _aRU
105 _aa |||||||||
200 1 _aРынок труда и рынок образовательных услуг в Республике Карелия
_eСб. науч. ст. по материалам науч.-практ. семинара
_fМ-во эконом. развития Республики Карелия, Петрозав. гос. ун-т
_g[Под ред. проф. В.А. Гуртова]
210 _aПетрозаводск
_cПетрозав. гос. ун-т
_d2003
215 _a319 с.
_cил.
_d20
320 _aБиблиогр. в подстроч. примеч. и в конце отд. ст.
606 0 _aРынок труда
_jСборники
_yКарелия, Республика
_92318304
_3RU\NLR\auth\661387067
686 _aУ24(2)05(2Р-6Кар)я43
686 _aЧ454(2Р)8я43
702 1 _4340
_8rus
_7ca
_aГуртов
_bВ. А.
_gВалерий Алексеевич
_3RU\NLR\auth\7757409
_940341
712 0 1 _4570
_aРеспублика Карелия
_bМинистерство экономического развития
_3RU\NLR\AUTH\8810051433
_9603179
801 0 _aRU
_bNLR
_c20040202
_gPSBO
801 1 _aRU
_bNLR
_c20040202
942 _cBOOK
980 _aNB